000 01155cam a2200289 4500
001 1701455
005 20230321150833.0
008 680301s1967 nyua 000 0 eng
010 _a 68000309
020 _a0070692580
040 _aDLC
_cDLC
_dDLC
050 0 0 _aQA845
_b.W45
082 0 0 _a531
_bWEL
100 1 _aWells, Dare A.,
_d1899-
_9110954
245 1 0 _aSchaum's outline of theory and problems of Lagrangian dynamics,
_bwith a treatment of Euler's equations of motion, Hamilton's equations and Hamilton's principle,
_cby Dare A. Wells.
260 _aNew York,
_bSchaum Pub. Co.
_c[1967]
300 _a353 p.
_billus.
_c28 cm.
490 0 _aSchaum's outline series
650 0 _aDynamics.
650 0 _aLagrange equations.
_96046
740 _aLagrangian dynamics.
856 4 2 _3Publisher description
_uhttp://www.loc.gov/catdir/description/mh031/68000309.html
856 4 1 _3Table of contents
_uhttp://www.loc.gov/catdir/toc/mh021/68000309.html
856 4 2 _3Contributor biographical information
_uhttp://www.loc.gov/catdir/enhancements/fy1012/68000309-b.html
906 _a7
_bcbc
_corignew
_du
_encip
_f19
_gy-gencatlg
942 _2ddc
_cBK
999 _c593981
_d593981